| 000 | 00695nam a2200217Ii 4500 | ||
|---|---|---|---|
| 003 | JO-AjNU | ||
| 008 | 230605s9999||||xx |||||||||||||| ||und|| | ||
| 017 | _a2001/5763 | ||
| 020 | _a977-01-7203-0 | ||
| 040 |
_aJO-AjNU _bara _erda _cJO-AjNU |
||
| 041 | _aara | ||
| 050 | 1 | 4 | _aPJ7515.K4222 2002 |
| 100 | 3 |
_aخيرت، عبدالله, _eauthor _936761 |
|
| 245 | 0 | 0 | _aسطور مضيئة في التراث العربي |
| 264 | 3 | 1 | _aالقاهرة: الهيئة المصرية العامة للكتاب، 2002 |
| 300 | _a198ص | ||
| 336 |
_atext _btxt _2rdacontent |
||
| 337 |
_aunmediated _bn _2rdamedia |
||
| 338 |
_avolume _bnc _2rdacarrier |
||
| 650 | 4 |
_aالتراث العربي _936762 |
|
| 999 |
_aA15302 _c18870 _d18870 |
||